00256nam a22000857a 4500082001900000100002800019245006800047260004500115300001000160 aTNC A95x54 R16 aRajya Sabha Secretariat aHandbook for members of Rajya Sabhacby Rajya Sabha Secretariat aNew DelhibRajya Sabha Secretariatc2002 a167p.